Apuntes para la historia del gobierno del general Antonio López de Santa-Anna, desde principios de 1841 hasta 6 de diciembre de 1844, en que fué depuesto del mando por uniforme voluntad de la nación (Record no. 3510)

MARC details
000 -CABECERA
campo de control de longitud fija 00851nam a2200229 a 4500
001 - NÚMERO DE CONTROL
campo de control BRCA_3781
005 - FECHA Y HORA DE LA ÚLTIMA TRANSACCIÓN
campo de control 20190320204425.0
008 - DATOS DE LONGITUD FIJA--INFORMACIÓN GENERAL
campo de control de longitud fija 081109s1845----mx-#---###---#000-0#spa-#
041 ## - CÓDIGO DE LENGUA
Código de lengua del texto/banda sonora o título independiente spa
044 ## - CÓDIGO DEL PAÍS DE LA ENTIDAD EDITORA/PRODUCTORA
Código MARC del país mx
050 #4 - SIGNATURA TOPOGRÁFICA DE LA BIBLIOTECA DEL CONGRESO
Número de clasificación F1232
Número de documento/Ítem .B87 1845
100 1# - ENTRADA PRINCIPAL--NOMBRE DE PERSONA
Nombre de persona Bustamante, Carlos Maria de
Fechas asociadas al nombre 1774-1848.
9 (RLIN) 555
245 10 - MENCIÓN DE TÍTULO
Título Apuntes para la historia del gobierno del general Antonio López de Santa-Anna, desde principios de 1841 hasta 6 de diciembre de 1844, en que fué depuesto del mando por uniforme voluntad de la nación
Mención de responsabilidad, etc. escrita por el autor del cuadro histórico de la revolución mexicana.
260 ## - PUBLICACIÓN, DISTRIBUCIÓN, ETC.
Lugar de publicación, distribución, etc. México
Nombre del editor, distribuidor, etc. Imp. de J.M. Lara
Fecha de publicación, distribución, etc. 1845
300 ## - DESCRIPCIÓN FÍSICA
Extensión 460 p.
Dimensiones 20 cm.
500 ## - NOTA GENERAL
Nota general B140
600 14 - PUNTO DE ACCESO ADICIONAL DE MATERIA--NOMBRE DE PERSONA
Nombre de persona Santa Anna, Antonio López de
Fechas asociadas al nombre 1795-1876.
9 (RLIN) 9857
650 14 - PUNTO DE ACCESO ADICIONAL DE MATERIA--TÉRMINO DE MATERIA
Término de materia o nombre geográfico como elemento de entrada Historia.
9 (RLIN) 8124
651 #4 - PUNTO DE ACCESO ADICIONAL DE MATERIA--NOMBRE GEOGRÁFICO
Nombre geográfico México.
9 (RLIN) 9858
902 ## - CATALOGADOR
Iniciales GFM
942 ## - ELEMENTOS DE PUNTO DE ACCESO ADICIONAL (KOHA)
Fuente del sistema de clasificación o colocación Library of Congress Classification
Tipo de ítem Koha Libros
Holdings
Estado de retiro Estado de pérdida Estado dañado No para préstamo Localización permanente Ubicación/localización actual Fecha de adquisición Número de inventario Total de préstamos Signatura topográfica completa Código de barras Fecha visto por última vez Precio válido a partir de Tipo de ítem Koha
El ejemplar forma parte de la colección y puede ser consultado según las políticas vigentes.       Biblioteca del Museo Franz Mayer (Rogerio Casas-Alatriste) Biblioteca del Museo Franz Mayer (Rogerio Casas-Alatriste) 08/11/2009 B140   F1232 .B87 1845 (B140) 3778 22/03/2019 22/03/2019 Libros